مكتبة جامعة عجلون الوطنية

فهرس بحث المكتبة

مستوى معرفة معلمي طلاب ذوي صعوبات التعلم لتطبيقات الذكاء الاصطناعي في غرف المصادر ومعيقاته في محافظة اربد = The Level of kknowledge of teachers of students with learning Disabilities about Artificial Intelligence Applications in intelligence in Resource Rooms and its Obstacles in Irbid Governorate (Record no. 33570)

MARC details
000 -LEADER
fixed length control field 01155nam a22001937a 4500
003 - CONTROL NUMBER IDENTIFIER
control field JO-AjAnu
005 - DATE AND TIME OF LATEST TRANSACTION
control field 20240708140648.0
008 - FIXED-LENGTH DATA ELEMENTS--GENERAL INFORMATION
fixed length control field 240707b jo ||||| |||| 00| 0 ara d
040 ## - CATALOGING SOURCE
Language of cataloging ARA
Transcribing agency JO-AjAnu
041 #1 - LANGUAGE CODE
Language code of original ARA
100 ## - MAIN ENTRY--PERSONAL NAME
Personal name ياسين، تسنيم محمد جبر
Relator term معد
9 (RLIN) 66033
245 ## - TITLE STATEMENT
Title مستوى معرفة معلمي طلاب ذوي صعوبات التعلم لتطبيقات الذكاء الاصطناعي في غرف المصادر ومعيقاته في محافظة اربد = The Level of kknowledge of teachers of students with learning Disabilities about Artificial Intelligence Applications in intelligence in Resource Rooms and its Obstacles in Irbid Governorate
Statement of responsibility, etc. / اعداد تسنيم محمد جبر ياسين ؛ اشراف محمد احمد العمري
260 ## - PUBLICATION, DISTRIBUTION, ETC.
Date of publication, distribution, etc. 2024
300 ## - PHYSICAL DESCRIPTION
Extent 97 ورقة
500 ## - GENERAL NOTE
General note رسالة جامعية(أطروحة ماجستير)جامعة عجلون الوطنية، كلية العلوم التربوية\تخصص صعوبات التعلم
650 ## - SUBJECT ADDED ENTRY--TOPICAL TERM
Form subdivision الاستيعاب القرائي
700 ## - ADDED ENTRY--PERSONAL NAME
Personal name العمري، محمد احمد
Relator term مشرف
9 (RLIN) 66034
942 ## - ADDED ENTRY ELEMENTS (KOHA)
Source of classification or shelving scheme Library of Congress Classification
Koha item type Thesis
Suppress in OPAC No
Holdings
Withdrawn status Lost status Source of classification or shelving scheme Damaged status Not for loan Home library Current library Date acquired Total Checkouts Full call number Barcode Date last seen Price effective from Koha item type
    Library of Congress Classification     مكتبة جامعة عجلون الوطنية مكتبة جامعة عجلون الوطنية 07/07/2024   LB1050.2024 A29964 07/07/2024 07/07/2024 Thesis
    Library of Congress Classification     مكتبة جامعة عجلون الوطنية مكتبة جامعة عجلون الوطنية 08/07/2024   LC4023.2024 A29965 08/07/2024 08/07/2024 Thesis